Guess The Animals By Teeth - Statistics

General Stats
  • This quiz has been taken 712 times
  • The average score is 9 of 12
Answer Stats
Picture Answer % Correct
Lion
97%
Crocodile
96%
Human
95%
Dog
91%
Cat
85%
Tiger
76%
Wolf
76%
Horse
73%
Camel
66%
Great White Shark
64%
Cheetah
36%
Tasmanian Devil
30%
No matching quizzes found
Score Distribution
Percent of People with Each Score
Percentile by Number Answered
Your Score History
You have not taken this quiz